000 00430nam a2200169Ia 4500
008 230711s9999||||xx |||||||||||||| ||und||
041 _aENG
082 _a372.6
_bSA-C
100 _aSaini,Hardeep Singh
245 0 _aPrinciples of communication engineering
250 _a2nd Ed.
260 _c2010
_aJalandhar
_bIndia Publishing House
300 _a45p.
650 _aCOMMUNICATION SKILL
700 _aManjit Kaur
942 _cBK
999 _c7697
_d7697